The Brontë sisters.

Uloženo v:
Podrobná bibliografie
Hlavní autor: Bentley, Phyllis (Autor)
Médium: Kniha
Vydáno: London, United Kingdom: Longmans, Green and Co., 1950.
Vydání:First published.
Edice:Supplements to British Book News
Témata:
Tagy: Přidat tag
Žádné tagy, Buďte první, kdo vytvoří štítek k tomuto záznamu!

MARC

LEADER 00000nam a22000007a 4500
003 CL-VaPUC
005 20240605120323.0
008 230623t1950 ||||| |||| 00| 0 eng d
999 |c 441243  |d 441241 
040 |c Pontificia Universidad Católica de Valparaíso 
082 |2 22  |a 823.8 BEN 1950 
100 1 |a Bentley, Phyllis  |e author  |9 883433 
245 |a The Brontë sisters. 
250 |a First published. 
260 |a London, United Kingdom:  |b Longmans, Green and Co.,   |c 1950. 
300 |a 44 páginas. 
490 |a Supplements to British Book News  
500 |a c.1 Donación Marianne Oesterle. Memo EDU 8-06-2023 
583 |c 20230623  |k Catalogador Asistente 
600 0 |a Brontë, Charlotte  |d 1816-1855  |e Novelista inglesa  |v Crítica e interpretación   |9 418106 
600 0 |a Brontë, Emily Jane  |d 1818-1848  |x Novelista inglesa  |x Vida y obras   |9 883786 
600 0 |9 883787  |a Brontë, Anne,   |d 1820-1849  |x Novelista y poeta inglesa   |x Vida y obras  
650 0 |9 312907  |a Literatura inglesa  |v Biografías   |y Siglo 19  
942 |2 ddc  |c BK 
952 |0 0  |1 0  |2 ddc  |4 0  |6 823_800000000000000_BEN_1950  |7 0  |8 A  |9 590567  |a BIBEDU  |b BIBEDU  |c GEN  |d 2023-06-23  |e Donación  |i 5657738  |o 823.8 BEN 1950  |p 5657738  |r 2023-06-23  |t 1  |w 2023-06-23  |y BK  |k CIT